Demografia de Catalunya / Josep Ma Tallada
Descripción Física:
82 p. ; 22 cm
Otros Autores:
Museu Social (Barcelona)
Materias:
Institut d'Estadística de Catalunya
MARC
| LEADER | 00000nam a2200000Ia 4500 | ||
|---|---|---|---|
| 001 | 22404 | ||
| 008 | 160829s2009 xx 000 0 cat d | ||
| 080 | |a M-6-325 | ||
| 100 | |a Tallada, Josep M. |9 19859 | ||
| 245 | |a Demografia de Catalunya / Josep Ma Tallada | ||
| 250 | |a Ed. facsímil | ||
| 260 | |a Barcelona : |b [Institut d'Estadística de Catalunya], |c 2009 | ||
| 300 | |a 82 p. ; |c 22 cm | ||
| 590 | |a Facsím., Barcelona : Museu Social, 1918. | ||
| 590 | |a Editat amb motiu dels 20 anys de l'Institut d'Estadística de Catalunya | ||
| 650 | |a Institut d'Estadística de Catalunya | ||
| 700 | |a Museu Social (Barcelona) |9 43208 | ||
| 710 | |a Institut d'Estadística de Catalunya |9 11666 | ||
| 901 | |a Arxiu | ||
| 942 | |n 1 | ||
| 952 | |0 0 |1 0 |4 0 |6 M6325 |7 1 |9 51273 |a Arxiu |b Arxiu |d 2016-12-01 |l 0 |o M-6-325 |p 22404 |r 2016-12-01 00:00:00 |w 2016-12-01 |y ARXIU | ||
| 999 | |c 55117 |d 55117 | ||